Гидравлика: учебник

Bibliografiske detaljer
Hovedforfatter: Штеренлихт Д. В. Давид Вениаминович
Summary:Изложены законы равновесия и движения жидкости в трубах, каналах, через гидротехнические сооружения. Большое внимание уделено изложению методов расчета параметров потока применительно к разнообразным случаям, встречающимся в практике. Приведены необходимые для расчетов таблицы и графики. В третьем издании (второе вышло в 1991 г.) учтены требования новых государственных образовательных стандартов (ГОС). Для студентов высших учебных заведений, обучающихся по направлениям подготовки дипломированных специалистов в области техники и технологии, сельского и рыбного хозяйства.
Sprog:russisk
Udgivet: Москва, КолосС, 2005
Udgivelse:3-е изд., перераб. и доп.
Serier:Учебники и учебные пособия для студентов высших учебных заведений
Fag:
Format: MixedMaterials Bog
KOHA link:https://koha.lib.tpu.ru/cgi-bin/koha/opac-detail.pl?biblionumber=76747

MARC

LEADER 00000nam0a2200000 4500
001 76747
005 20231031091904.0
010 |a 5953201427 
035 |a (RuTPU)RU\TPU\book\82267 
090 |a 76747 
100 |a 20050504d2005 m y0rusy50 ca 
101 0 |a rus 
102 |a RU 
105 |a a j 001zy 
200 1 |a Гидравлика  |e учебник  |f Д. В. Штеренлихт 
205 |a 3-е изд., перераб. и доп. 
210 |a Москва  |c КолосС  |d 2005 
215 |a 655 с.  |c ил. 
225 1 |a Учебники и учебные пособия для студентов высших учебных заведений 
320 |a Предметный указатель: с. 648-649. 
330 |a Изложены законы равновесия и движения жидкости в трубах, каналах, через гидротехнические сооружения. Большое внимание уделено изложению методов расчета параметров потока применительно к разнообразным случаям, встречающимся в практике. Приведены необходимые для расчетов таблицы и графики. В третьем издании (второе вышло в 1991 г.) учтены требования новых государственных образовательных стандартов (ГОС). Для студентов высших учебных заведений, обучающихся по направлениям подготовки дипломированных специалистов в области техники и технологии, сельского и рыбного хозяйства. 
451 1 |0 (RuTPU)RU\TPU\book\159579  |y 5-9532-0142-7  |t Гидравлика  |o учебник  |f Д. В. Штеренлихт  |e 3-е изд., перераб. и доп.  |c М.  |n Энергоатомиздат  |d 1984  |p 640 с.  |a Штеренлихт, Давид Вениаминович 
451 1 |0 (RuTPU)RU\TPU\book\120784  |t Гидравлика  |o учебник  |f Д. В. Штеренлихт  |c М.  |n КолосС  |d 2006  |p 656 с.  |s Учебники и учебные пособия для студентов высших учебных заведений  |a Штеренлихт, Давид Вениаминович 
610 1 |a гидравлика 
610 1 |a учебники 
610 1 |a жидкости 
610 1 |a физические свойства 
610 1 |a гидростатика 
610 1 |a кинематика 
610 1 |a невязкие жидкости 
610 1 |a динамика 
610 1 |a вязкие жидкости 
610 1 |a уравнения Рейнольдса 
610 1 |a движение 
610 1 |a режимы движения 
610 1 |a напор 
610 1 |a потери 
610 1 |a гидравлические струи 
610 1 |a гидравлические трубопроводы 
610 1 |a трубопроводы 
610 1 |a открытые русла 
610 1 |a каналы 
610 1 |a естественные русла 
610 1 |a насосы 
610 1 |a открытые потоки 
610 1 |a гидравлический прыжок 
610 1 |a водосливы 
610 1 |a затворы 
610 1 |a истечение 
610 1 |a бьефы 
610 1 |a расчеты 
610 1 |a сопрягающие сооружения 
610 1 |a гидравлические явления 
610 1 |a моделирование 
675 |a 532(075.8)  |v 3 
700 1 |a Штеренлихт  |b Д. В.  |g Давид Вениаминович 
801 1 |a RU  |b 63413507  |c 20050504  |g PSBO 
801 2 |a RU  |b 63413507  |c 20130715  |g PSBO 
900 |a Гидравлика 
900 |a Основы гидравлики, гидрологии и гидрометрии 
942 |c BK 
952 |a 550000 
959 |a 47/20050504  |d 5  |e 0  |f НФ:5